000 00840nmm a2200313 a 4500
003 AR-BaBNM
005 20251128203014.0
008 155019s1936 ||||||||||||||000 | spa||
040 _cAR-BaBNM
100 1 _aRosa, José María
_chijo
245 1 0 _aInterpretación religiosa de la historia
260 _aBuenos Aires
_bEl Ateneo
_c1936
300 0 _a246 p.
500 0 _aContiene índice bibliográfico y de materias p. 241-246
600 0 4 _aPolibio
600 0 4 _aPlutarco
600 1 4 _aSpengler, Oswald
600 0 4 _aSuetonio
600 0 4 _aTacito
600 1 4 _aMansilla, Lucio V.
_d1831-1913
650 4 _aHISTORIOGRAFIA
650 4 _aHISTORIOGRAFIA
650 4 _aHISTORIADORES
650 4 _aMETODO HISTORICO
650 4 _aINVESTIGACION HISTORICA
650 4 _aANALISIS HISTORICO
942 _cBK
998 _cmariana
999 _c1476
_d1476